01125nam a2200193Ia 4500001001000000003001000010008004100020040002500061041001300086100003300099245007500132250001100207260006600218300002800284500023800312501011400550520023800664650002900902L232-6638IT-CnALBA170116s9999||||xx |||||||||||||| ||und|| aIT-CnALBAcIT-CnALBA aITALIANO aGALLERANI P. ALESSANDRO, SJ. 0aGESÙ GRANDE OSSIA LA SUDDITANZA A N. S. GESÙ CRISTO. TRATTATELLO.  a9a ed. aARC. MODENA.bIMMAC. CONCEZ. TIP. PONT.c1911 [1° Ed.: n.d.] a200 p. (prefazione: 57) aAPPENDICE SUL GIUBILEO. PROFEZIE SU GESÙ. INCARNAZIONE NASCITA. NOME VITA. MORTE RISURREZIONE. GESÙ EUCARISTICO. SOVRANITÀ. LA MADRE DI GESÙ. IL VICARIO. PAPA. MARTIRI SANTI. SECONDA VENUTA NELLA GLORIA. DIVINITÀ. SEQUELA.  aSocietà San Paolo EM - Piazza San Paolo, 14 - 12051 ALBA (CN) (non commercial uses only) ® Copyright 2017 aAPPENDICE SUL GIUBILEO. PROFEZIE SU GESÙ. INCARNAZIONE NASCITA. NOME VITA. MORTE RISURREZIONE. GESÙ EUCARISTICO. SOVRANITÀ. LA MADRE DI GESÙ. IL VICARIO. PAPA. MARTIRI SANTI. SECONDA VENUTA NELLA GLORIA. DIVINITÀ. SEQUELA.  aVITA E MISTERO DI CRISTO